<The> Evolution of S-D logic Approach and Its Impact on Service Science
Prínosy S-D logiky pre teórie marketingu a vedy o službách. Teoretické podklady vo vývoji S-D logiky (2004) a jej postupný vývoj, revízie a kritika prístupu. Časová os vývoja využitia prístupu.
Saved in:
| Main Author: | |
|---|---|
| Other Authors: | |
| Format: | Book Chapter |
| Language: | English |
| Subjects: | |
| Tags: |
No Tags, Be the first to tag this record!
|
MARC
| LEADER | 00000nla a2200000 4500 | ||
|---|---|---|---|
| 001 | 0197385 | ||
| 005 | 20240502083502.7 | ||
| 041 | 0 | |a eng | |
| 044 | |a DE | ||
| 245 | 1 | 0 | |a <The> Evolution of S-D logic Approach and Its Impact on Service Science |c Romana Olexová, Viera Kubičková |
| 520 | |a Prínosy S-D logiky pre teórie marketingu a vedy o službách. Teoretické podklady vo vývoji S-D logiky (2004) a jej postupný vývoj, revízie a kritika prístupu. Časová os vývoja využitia prístupu. | ||
| 610 | 2 | 0 | |a logika |
| 610 | 2 | 0 | |a metodológia logická |
| 610 | 2 | 0 | |a marketing služieb |
| 610 | 2 | 0 | |a vedy aplikované |
| 610 | 2 | 0 | |a vedy humanitné |
| 610 | 2 | 0 | |a vedy kognitívne |
| 610 | 2 | 0 | |a vedy spoločenské |
| 610 | 2 | 0 | |a marketing |
| 100 | 1 | |a Kubičková, Viera, 1970- | |
| 700 | 1 | |a Olexová, Romana, 1987- | |